[Event "Mittelrhein Verbandsliga-W 16/17"]
[Site "Nordrheinwestfalen"]
[Date "2017.04.30"]
[Round "11.8"]
[White "Doerendahl, Horst"]
[Black "Jacobsen, Gunnar"]
[Result "0-1"]
[WhiteElo "1245"]
[BlackElo "1442"]
[PlyCount "104"]
[EventDate "2016.09.11"]
[EventType "team-tourn"]
[EventRounds "11"]
[EventCountry "GER"]
[SourceTitle "EXT 2022"]
[Source "ChessBase"]
[SourceDate "2021.10.06"]
[SourceVersion "1"]
[SourceVersionDate "2021.10.06"]
[SourceQuality "1"]
[WhiteTeam "Kerpen SK"]
[BlackTeam "Horrem"]
[WhiteTeamCountry "GER"]
[BlackTeamCountry "GER"]

1. d4 e6 2. c4 d5 3. c5 b6 4. b4 Bd7 5. Nf3 a5 6. Bd2 axb4 7. Bxb4 bxc5 8. dxc5 Na6 9. Qd4 Qf6 10. Bc3 Qxd4 11. Nxd4 Nxc5 12. Bb4 Nf6 13. e3 Nd3+ 14. Bxd3 Bxb4+ 15. Ke2 c5 16. Nb5 0-0 17. N1c3 c4 18. Bc2 Rfb8 19. a3 Bd6 20. Ra2 Ne8 21. Rd1 Be5 22. e4 d4 23. f4 d3+ 24. Bxd3 cxd3+ 25. Rxd3 Bxc3 26. Nxc3 Bc8 27. Kf3 Ba6 28. Rd4 Rb3 29. Rc2 Rc8 30. Ra4 Rbxc3+ 31. Rxc3 Rxc3+ 32. Kg4 Be2+ 33. Kh4 Rc4 34. Ra8 Kf8 35. a4 Rxe4 36. g3 g5+ 37. Kxg5 Bf3 38. Ra7 Kg7 39. Kh4 Nf6 40. h3 h6 41. a5 e5 42. a6 exf4 43. gxf4 Re8 44. Kg3 Bd5 45. Rc7 Ra8 46. a7 Ne8 47. Rd7 Be6 48. Rb7 Nd6 49. Rb6 Nc8 50. Rb7 Rxa7 51. Rb8 Ra3+ 52. Kh4 Rxh3# 0-1